000 01185nam a2200313 c 4500
003 BLK
005 20180420235903.0
008 180411b bul|||||r ||||||| ||bul||
010 _aKNG00187724000
020 _a978-619-90149-6-7
_bиздат.: Сдружение на писателите в Добрич
040 _aBLK
041 _aBUL
_cBUL
072 7 _2bullib
_aН8400
_xБългарска поезия Н
080 _aБългарска литература
_b821.163.2
_x-1
_z821.163.2-1
100 1 _aДончев, Дончо Г.
_eпърви автор
_9341594
139 _aДончев, Дончо Г.
_bД 78
245 1 0 _aРазпознаване на случая
_bПоезия
_cДончо Г. Дончев.
257 _aBGR
260 Добрич
_bСдружение на писателите в Добрич
_c2016
_fНилекта принт
300 _a80 с.
_c21 см
380 _aX
653 _aстихотворения
659 _aН
852 _aЦб 280437
856 4 _qpdf
_u
856 4 _qpdf
_u
942 _cKNG
_n0
944 _aCR
_c04.05.2016
_lф /
_kВиолета_Тройчева
944 _aED
_c03.06.2016
_lф /
_kЛюдмила_Стоянова
999 _c178964
_d178964